LEADER 02282nam a2200361 i 4500 001 000000359377 003 CaOOAMICUS 005 20240819121102.0 008 240814s2024 be u000 u spa u 020 $a978-2-503-60932-4 040 $aSeMil$bita 245 00$aHagiografía hispana de los siglos 9.-13. en los Reinos de Aragón y Castilla y León :$bvidas de santos, hallazgos y traslaciones de reliquias, libros de milagros, himnos /$cintroducción, traducción, notas e indices de José Carlos Martín-Iglesias, Patrick Henriet, Carmen Esteban Martínez. 264 1$aTurnhout :$bBrepols,$c2024. 300 $a492 p. ;$c24 cm 490 1 $aCorpus christianorum in translation ;$v46 500 $aTraduzione in spagnolo del testo latino (edito nel Corpus christianorum. Continuatio mediaevalis 310) 504 $aBibliografia, p. 73-85 650 4$aAgiografia - Spagna.$0(OLS)http://semarc/subject/53219 650 4$aLetteratura religiosa latina - Medioevo.$0(OLS)http://semarc/subject/49616 650 4$aPoesia religiosa spagnola.$0(OLS)http://semarc/subject/42903 650 4$aLetteratura monastica medievale - Spagna.$0(OLS)http://semarc/subject/53220 700 1 $aBaak, Nancy : van.$0(OLS)http://semarc/name/118442 700 1 $aHenriet, Patrick,$d<1960- >.$0(OLS)http://semarc/name/120214 700 1 $aEsteban Martínez, Carmen.$0(OLS)http://semarc/name/120215 700 1 $aMartín, José Carlos,$d<1968- >.$0(OLS)http://semarc/name/46947 765 0 $tHagiographica hispana regnorum Aragonum et Castellae Legionisque saeculorum 9.-13..$dTurnhout : Brepols, 2022.$kCorpus Christianorum. Continuatio Mediaevalis$z978-2-503-59774-4$w()352424 830 0$aCorpus christianorum in translation ;$v46.$0(OLS)http://semarc/title/9239 850 $aSeMil 852 $aSeMil$W1$xVenegono$y1$m2TA K 46$j250288$B250449$CSeMilBibl$Z2$F250449 $81 996 $6020$a978-2-503-60932-4$9(OLS)http://semarc/number/301031 996 $6245$aHagiografía hispana de los siglos 9.-13. en los Reinos de Aragón y Castilla y León :$bvidas de santos, hallazgos y traslaciones de reliquias, libros de milagros, himnos$9(OLS)http://semarc/title/449831 996 $6264$aTurnhout :$bBrepols$9(OLS)http://semarc/publisher/29626 LEADER 00980nam a2200193 i 4500 001 000000165479 003 CaOOAMICUS 005 20071120000000.0 008 071120n it u000 u ita u 013 $a142847 040 $aSeMil$bita 245 10$aVolume 1. 300 $a264 p. 500 $aIn Preliminari : Questa pubblicazione è stata realizzata con il patrocinio di : Regione Lombardia, Culture, Identità e Autonomie della Lombardia, Provincia di Varese, Comune di Venegono Inferiore, Seminario Arcivescovile Pio 11. di Venegono Inferiore, Parrocchia dei S.S. Giacomo e Filippo, Diocesi di Miano, [di] Venegono Inferiore. 773 0 $tCammino che ci ha condotto fino a qui.$d[Venegono Inferiore (VA)] : LAAV, Libera Associazione Anziani Venegonese, 2007.$w()18771 850 $aSeMil 852 $aSeMil$W1$xVenegono$y1$m3P V 348$j116673$B116673$CSeMilBibl$Z2$F128909 $81 961 $aOmaggio: Rimoldi mons. Antonio 996 $6245$aVolume 1$9(OLS)http://semarc/title/46244